Sports Quiz

Random Sports or Football Quiz
Score 0/39 Timer 06:00
0 Plays Today
Position % Correct
2Derek Jeter
99.1%
13Alex Rodriguez
95%
24Robinson Cano
87.6%
52CC Sabathia
84.9%
20Jorge Posada
83%
18Johnny Damon
83%
42Mariano Rivera
82.1%
33Nick Swisher
80.3%
62Joba Chamberlain
79.4%
11Brett Gardner
79.4%
46Andy Pettitte
78.9%
53Melky Cabrera
77.5%
65Phil Hughes
77.5%
25Mark Teixeira
76.1%
55Hideki Matsui
70.6%
34A.J. Burnett
64.2%
26Jose Molina
63.3%
48Phil Coke
58.7%
99Brian Bruney
51.4%
43Damaso Marte
48.6%
Position % Correct
17Jerry Hairston Jr.
47.2%
91Alfredo Aceves
45%
29Francisco Cervelli
45%
30David Robertson
41.7%
19Ramiro Pena
41.3%
41Chad Gaudin
40.8%
14Eric Hinske
38.1%
22Xavier Nady
34.4%
40Chien-Ming Wang
33%
45Sergio Mitre
33%
28Shelley Duncan
20.6%
38Ian Kennedy
16.1%
72Juan Miranda
16.1%
47Freddy Guzman
15.1%
63Jonathan Albaladejo
14.7%
36Edwar Ramirez
14.2%
39Mark Melancon
10.6%
31Michael Dunn
6%
12Josh Towers
5%

You're not logged in!

Compare scores with friends on all Sporcle quizzes.
OR
Log In

Sporcle TV

Today on Sporcle TV


Watch our educational content, quiz creation guides, and fun videos on Sporcle TV.

Show Comments

Extras

Top Quizzes Today


Score Distribution

Paid Content

Your Account Isn't Verified!

In order to create a playlist on Sporcle, you need to verify the email address you used during registration. Go to your Sporcle Settings to finish the process.

Report this User

Report this user for behavior that violates our Community Guidelines.

Details: